000 00228nam a22000857a 4500
008 160928b xxu||||| |||| 00| 0 eng d
100 _9782
_aJain.R.K
245 _aEnglish Communicative-IX
260 _aNew Delhi
_bAPC. Publications
_c2010
999 _c3437
_d3437